000 00908nac a22002537a 4500
001 BR9100127
003 BR-BrBNA
005 20240105121135.0
008 230509b bl.|||m| |||| 00| 0 por d
040 _aBR-BrBNA
_bpor
_cBiblioteca Nacional de Agricultura
072 _aF01; L01
090 _aF01 BR9100127
100 1 _aRivaldo, O.F.
110 1 _aEmpresa Brasileira de Pesquisa Agropecuaria, Brasilia, DF (Brasil). Depto. de Difusao de Tecnologia
_93839
245 1 _aEstrategias para o fortalecimento do sistema brasileiro de pesquisa agropecuaria
260 3 _aBrasilia, DF (Brasil):
_c1986.
300 _a43 p.
490 _aDocumentos - Empresa Brasileira de Pesquisa Agropecuaria. Depto. de Difusao de Tecnologia (Brazil)
_vno. 5
_x
500 _a22 ref.
650 _aPESQUISA AGRICOLA
650 _aPECUARIA
909 _a202312
_bLúcia Elande
_c55
_dLúcia Elande
942 _2AGRIS
_n0
_cMS
999 _c283532
_d283532